[Event "Mont de Marsan op"]
[Site "Mont de Marsan"]
[Date "2005.12.28"]
[Round "6"]
[White "Dubos, Patricia"]
[Black "Delbarba, Jimmy"]
[Result "1-0"]
[WhiteElo "1280"]
[BlackElo "1620"]
[PlyCount "69"]
[EventDate "2005.12.26"]
[EventType "swiss"]
[EventRounds "7"]
[EventCountry "FRA"]
[SourceTitle "CBM 110 Extra"]
[Source "ChessBase"]
[SourceDate "2006.03.10"]
[SourceVersion "2"]
[SourceVersionDate "2006.03.10"]
[SourceQuality "1"]

1. e4 a6 2. d4 d6 3. Nf3 g6 4. Bc4 e6 5. Nc3 Bg7 6. 0-0 Nc6 7. d5 Ne5 8. Nxe5 Bxe5 9. Qf3 Qf6 10. Qd3 Bd7 11. Be3 Qe7 12. f4 Bg7 13. Bd4 e5 14. fxe5 Bxe5 15. Rf2 0-0-0 16. Bxa6 Bxd4 17. Qxd4 Rf8 18. Qa7 Kd8 19. Qa8+ Bc8 20. Bxb7 Qd7 21. Bc6 Qe7 22. Nb5 Qd7 23. Bxd7 Kxd7 24. Qc6+ Ke7 25. Qxc7+ Bd7 26. Qxd6+ Ke8 27. Rf6 Nxf6 28. Qxf6 Bxb5 29. d6 Kd7 30. Rd1 Bc4 31. a3 Rhg8 32. Rd4 Be6 33. Qe7+ Kc6 34. Qc7+ Kb5 35. Rb4+ 1-0

[Event "Mont de Marsan op"]
[Site "Mont de Marsan"]
[Date "2005.12.26"]
[Round "2"]
[White "Riballet, Jean Paul"]
[Black "Delbarba, Jimmy"]
[Result "1/2-1/2"]
[WhiteElo "1450"]
[BlackElo "1620"]
[PlyCount "95"]
[EventDate "2005.12.26"]
[EventType "swiss"]
[EventRounds "7"]
[EventCountry "FRA"]
[SourceTitle "CBM 110 Extra"]
[Source "ChessBase"]
[SourceDate "2006.03.10"]
[SourceVersion "2"]
[SourceVersionDate "2006.03.10"]
[SourceQuality "1"]

1. d4 e6 2. Nf3 d5 3. Nc3 c5 4. e3 Nc6 5. Bb5 Bd7 6. Bxc6 Bxc6 7. Ne5 Nf6 8. 0-0 Bd6 9. f4 0-0 10. Nxc6 bxc6 11. Ne2 Ne4 12. Qe1 Qf6 13. Ng3 Nxg3 14. Qxg3 cxd4 15. exd4 Qxd4+ 16. Kh1 f5 17. c3 Qf6 18. Be3 e5 19. h4 exf4 20. Bxf4 Bxf4 21. Rxf4 Rae8 22. Raf1 g6 23. Rxf5 Qe7 24. Rxf8+ Rxf8 25. Rxf8+ Kxf8 26. Qf4+ Ke8 27. Qb8+ Kf7 28. g3 h5 29. Qf4+ Kg7 30. Kg2 Qe2+ 31. Qf2 Qe4+ 32. Kh2 Qa4 33. a3 Qa6 34. Qd4+ Kf7 35. Qd2 Qc8 36. b4 Qa6 37. Qf2+ Kg7 38. Qb2 Kh7 39. Qa2 Qc4 40. Qxc4 dxc4 41. Kg2 Kh6 42. Kf3 g5 43. hxg5+ Kxg5 44. Kg2 Kg4 45. a4 a6 46. Kf2 Kf5 47. Ke3 Kg4 48. Kf2 1/2-1/2